Music Quiz

Random Music Quiz
Score 0/273 Timer 20:00
0 Plays Today
Hint Answer % Correct
Party Tour (2002)New York City
100%
Party Tour (2002)Washington, D.C.
100%
I'm Not Dead Tour (2006 - 2007)Washington, D.C.
100%
I'm Not Dead Tour (2006 - 2007)New York City
100%
Funhouse Tour (2009)New York City
100%
Party Tour (2002)Salt Lake City
96%
Party Tour (2002)Denver
96%
Party Tour (2002)Houston
96%
Party Tour (2002)Orlando
96%
Party Tour (2002)Atlanta
96%
Party Tour (2002)Boston
96%
Party Tour (2002)Pittsburgh
96%
Party Tour (2002)Toronto
96%
Party Tour (2002)Detroit
96%
Party Tour (2002)Minneapolis
96%
Party Tour (2002)Vancouver
96%
Party Tour (2002)Portland
96%
Party Tour (2002)San Francisco
96%
Party Tour (2002)Los Angeles
96%
Party Tour (2002)San Diego
96%
Party Tour (2002)Manchester
96%
Party Tour (2002)Cologne
96%
Party Tour (2002)Birmingham
96%
Party Tour (2002)London
96%
Party Tour (2002)Auckland
96%
Party Tour (2002)Perth
96%
Party Tour (2002)Melbourne
96%
Party Tour (2002)Brisbane
96%
Party Tour (2002)Sydney
96%
Try This Tour (2004)Brussels
96%
Try This Tour (2004)Zürich
96%
Try This Tour (2004)Frankfurt
96%
Try This Tour (2004)Munich
96%
Try This Tour (2004)Berlin
96%
Try This Tour (2004)Copenhagen
96%
Try This Tour (2004)Oslo
96%
Try This Tour (2004)Stockholm
96%
Try This Tour (2004)Cologne
96%
Try This Tour (2004)Paris
96%
Try This Tour (2004)Birmingham
96%
Try This Tour (2004)London
96%
Try This Tour (2004)Manchester
96%
Try This Tour (2004)Sheffield
96%
Try This Tour (2004)Newcastle
96%
Try This Tour (2004)Newcastle
96%
Try This Tour (2004)Sydney
96%
Try This Tour (2004)Brisbane
96%
Try This Tour (2004)Perth
96%
Try This Tour (2004)Melbourne
96%
Try This Tour (2004)Moscow
96%
Try This Tour (2004)St. Petersburg
96%
I'm Not Dead Tour (2006 - 2007)San Francisco
96%
I'm Not Dead Tour (2006 - 2007)Minneapolis
96%
I'm Not Dead Tour (2006 - 2007)Toronto
96%
I'm Not Dead Tour (2006 - 2007)Philadelphia
96%
I'm Not Dead Tour (2006 - 2007)Boston
96%
I'm Not Dead Tour (2006 - 2007)St. Petersburg
96%
I'm Not Dead Tour (2006 - 2007)Orlando
96%
I'm Not Dead Tour (2006 - 2007)Houston
96%
I'm Not Dead Tour (2006 - 2007)Dallas
96%
I'm Not Dead Tour (2006 - 2007)Zürich
96%
I'm Not Dead Tour (2006 - 2007)Birmingham
96%
I'm Not Dead Tour (2006 - 2007)London
96%
I'm Not Dead Tour (2006 - 2007)Munich
96%
I'm Not Dead Tour (2006 - 2007)Berlin
96%
I'm Not Dead Tour (2006 - 2007)Frankfurt
96%
I'm Not Dead Tour (2006 - 2007)Cologne
96%
I'm Not Dead Tour (2006 - 2007)Copenhagen
96%
I'm Not Dead Tour (2006 - 2007)Oslo
96%
I'm Not Dead Tour (2006 - 2007)Stockholm
96%
I'm Not Dead Tour (2006 - 2007)Helsinki
96%
I'm Not Dead Tour (2006 - 2007)Manchester
96%
I'm Not Dead Tour (2006 - 2007)Newcastle
96%
I'm Not Dead Tour (2006 - 2007)Sheffield
96%
I'm Not Dead Tour (2006 - 2007)Paris
96%
I'm Not Dead Tour (2006 - 2007)Lyon
96%
I'm Not Dead Tour (2006 - 2007)Milan
96%
I'm Not Dead Tour (2006 - 2007)Perth
96%
I'm Not Dead Tour (2006 - 2007)Melbourne
96%
I'm Not Dead Tour (2006 - 2007)Sydney
96%
I'm Not Dead Tour (2006 - 2007)Brisbane
96%
I'm Not Dead Tour (2006 - 2007)Newcastle
96%
I'm Not Dead Tour (2006 - 2007)Auckland
96%
I'm Not Dead Tour (2006 - 2007)Rome
96%
Funhouse Tour (2009)Paris
96%
Funhouse Tour (2009)Berlin
96%
Funhouse Tour (2009)Zürich
96%
Funhouse Tour (2009)Frankfurt
96%
Funhouse Tour (2009)Cologne
96%
Funhouse Tour (2009)Munich
96%
Funhouse Tour (2009)Birmingham
96%
Hint Answer % Correct
Funhouse Tour (2009)Manchester
96%
Funhouse Tour (2009)Newcastle
96%
Funhouse Tour (2009)London
96%
Funhouse Tour (2009)Perth
96%
Funhouse Tour (2009)Melbourne
96%
Funhouse Tour (2009)Newcastle
96%
Funhouse Tour (2009)Sydney
96%
Funhouse Tour (2009)Brisbane
96%
Funhouse Tour (2009)Seattle
96%
Funhouse Tour (2009)Los Angeles
96%
Funhouse Tour (2009)Dallas
96%
Funhouse Tour (2009)Houston
96%
Funhouse Tour (2009)Toronto
96%
Funhouse Tour (2009)Boston
96%
Funhouse Tour (2009)Philadelphia
96%
Funhouse Tour (2009)Sheffield
96%
Funhouse Tour (2009)Copenhagen
96%
Funhouse Tour (2009)Oslo
96%
Funhouse Tour (2009)Stockholm
96%
Funhouse Tour (2009)Helsinki
96%
Funhouse Tour (2009)Düsseldorf
96%
Party Tour (2002)Phoenix
92%
Party Tour (2002)Tucson
92%
Party Tour (2002)Las Vegas
92%
Party Tour (2002)Austin
92%
Party Tour (2002)Cleveland
92%
Party Tour (2002)Dublin
92%
Party Tour (2002)Dunedin
92%
Party Tour (2002)Adelaide
92%
Party Tour (2002)Gold Coast
92%
Party Tour (2002)Wollongong
92%
Try This Tour (2004)Dublin
92%
Try This Tour (2004)Leipzig
92%
Try This Tour (2004)Hamburg
92%
Try This Tour (2004)Nottingham
92%
Try This Tour (2004)Budapest
92%
Try This Tour (2004)Adelaide
92%
Try This Tour (2004)Belgrade
92%
I'm Not Dead Tour (2006 - 2007)Las Vegas
92%
I'm Not Dead Tour (2006 - 2007)Indianapolis
92%
I'm Not Dead Tour (2006 - 2007)Cleveland
92%
I'm Not Dead Tour (2006 - 2007)Istanbul
92%
I'm Not Dead Tour (2006 - 2007)Antwerp
92%
I'm Not Dead Tour (2006 - 2007)Leipzig
92%
I'm Not Dead Tour (2006 - 2007)Cardiff
92%
I'm Not Dead Tour (2006 - 2007)Nottingham
92%
I'm Not Dead Tour (2006 - 2007)Dublin
92%
I'm Not Dead Tour (2006 - 2007)Hamburg
92%
I'm Not Dead Tour (2006 - 2007)Geneva
92%
I'm Not Dead Tour (2006 - 2007)Adelaide
92%
I'm Not Dead Tour (2006 - 2007)Gold Coast
92%
I'm Not Dead Tour (2006 - 2007)Canberra
92%
I'm Not Dead Tour (2006 - 2007)Wollongong
92%
Funhouse Tour (2009)Antwerp
92%
Funhouse Tour (2009)Leipzig
92%
Funhouse Tour (2009)Geneva
92%
Funhouse Tour (2009)Budapest
92%
Funhouse Tour (2009)Hamburg
92%
Funhouse Tour (2009)Dortmund
92%
Funhouse Tour (2009)Dublin
92%
Funhouse Tour (2009)Liverpool
92%
Funhouse Tour (2009)Adelaide
92%
Funhouse Tour (2009)Canberra
92%
Funhouse Tour (2009)Wollongong
92%
Funhouse Tour (2009)Nottingham
92%
Party Tour (2002)East Rutherford
88%
Party Tour (2002)Spokane
88%
Party Tour (2002)Tokyo
88%
Party Tour (2002)Wellington
88%
Try This Tour (2004)Belfast
88%
Try This Tour (2004)Stuttgart
88%
Try This Tour (2004)Rotterdam
88%
Try This Tour (2004)Glasgow
88%
Try This Tour (2004)Vienna
88%
Try This Tour (2004)Amsterdam
88%
Try This Tour (2004)Prague
88%
I'm Not Dead Tour (2006 - 2007)Rotterdam
88%
I'm Not Dead Tour (2006 - 2007)Mannheim
88%
I'm Not Dead Tour (2006 - 2007)Tallinn
88%
I'm Not Dead Tour (2006 - 2007)Riga
88%
I'm Not Dead Tour (2006 - 2007)Belfast
88%
I'm Not Dead Tour (2006 - 2007)Glasgow
88%
I'm Not Dead Tour (2006 - 2007)Amsterdam
88%
I'm Not Dead Tour (2006 - 2007)Stuttgart
88%
I'm Not Dead Tour (2006 - 2007)Vienna
88%
I'm Not Dead Tour (2006 - 2007)Prague
88%
I'm Not Dead Tour (2006 - 2007)Edinburgh
88%
I'm Not Dead Tour (2006 - 2007)Johannesburg
88%
I'm Not Dead Tour (2006 - 2007)Cape Town
88%
Funhouse Tour (2009)Nice
88%
Funhouse Tour (2009)Rotterdam
88%
Hint Answer % Correct
Funhouse Tour (2009)Mannheim
88%
Funhouse Tour (2009)Stuttgart
88%
Funhouse Tour (2009)Vienna
88%
Funhouse Tour (2009)Glasgow
88%
Funhouse Tour (2009)Belfast
88%
Funhouse Tour (2009)Prague
88%
Try This Tour (2004)Hanover
84%
Try This Tour (2004)Oberhausen
84%
Try This Tour (2004)Bratislava
84%
I'm Not Dead Tour (2006 - 2007)Hanover
84%
I'm Not Dead Tour (2006 - 2007)Nuremberg
84%
I'm Not Dead Tour (2006 - 2007)Oberhausen
84%
I'm Not Dead Tour (2006 - 2007)Plymouth
84%
I'm Not Dead Tour (2006 - 2007)Brighton
84%
I'm Not Dead Tour (2006 - 2007)Bournemouth
84%
I'm Not Dead Tour (2006 - 2007)Zagreb
84%
I'm Not Dead Tour (2006 - 2007)Ulm
84%
Funhouse Tour (2009)Oberhausen
84%
Funhouse Tour (2009)Nuremberg
84%
Funhouse Tour (2009)Hanover
84%
Funhouse Tour (2009)Bremen
84%
Party Tour (2002)Rosemont
80%
Party Tour (2002)Osaka
80%
Party Tour (2002)Honolulu
80%
Try This Tour (2004)Werchter
80%
Funhouse Tour (2009)Rosemont
80%
Try This Tour (2004)Lucca
76%
I'm Not Dead Tour (2006 - 2007)Ljubljana
76%
I'm Not Dead Tour (2006 - 2007)Dubai
76%
Funhouse Tour (2009)San Jose
76%
Funhouse Tour (2009)Glendale
76%
Funhouse Tour (2009)Fairfax
68%
Party Tour (2002)Grand Prairie
64%
Party Tour (2002)Pasadena
60%
I'm Not Dead Tour (2006 - 2007)Gelsenkirchen
56%
Party Tour (2002)Hershey
52%
Party Tour (2002)Santa Rosa
52%
Party Tour (2002)Christchurch
48%
I'm Not Dead Tour (2006 - 2007)Aberdeen
48%
Funhouse Tour (2009)Aberdeen
48%
Try This Tour (2004)Vienne
44%
I'm Not Dead Tour (2006 - 2007)Innsbruck
44%
Try This Tour (2004)Reykjavík
40%
Party Tour (2002)Fort Lauderdale
24%
I'm Not Dead Tour (2006 - 2007)Fort Lauderdale
24%
Try This Tour (2004)Naas
20%
Try This Tour (2004)Bonn
20%
Try This Tour (2004)Graz
16%
I'm Not Dead Tour (2006 - 2007)Salzburg
16%
I'm Not Dead Tour (2006 - 2007)Graz
16%
I'm Not Dead Tour (2006 - 2007)Halle
16%
Try This Tour (2004)Gdynia
12%
Try This Tour (2004)Sundsvall
12%
Try This Tour (2004)Perth and Kinross
12%
Try This Tour (2004)Brașov
12%
Try This Tour (2004)Kiel
12%
I'm Not Dead Tour (2006 - 2007)Freiburg
12%
I'm Not Dead Tour (2006 - 2007)Enschede
12%
I'm Not Dead Tour (2006 - 2007)Skopje
12%
I'm Not Dead Tour (2006 - 2007)Leuven
12%
I'm Not Dead Tour (2006 - 2007)Coburg
12%
I'm Not Dead Tour (2006 - 2007)Odense
12%
Funhouse Tour (2009)Freiburg
12%
Funhouse Tour (2009)Erfurt
12%
Funhouse Tour (2009)Esch-sur-Alzette
12%
Party Tour (2002)Bernalillo
8%
Party Tour (2002)Wallingford
8%
Party Tour (2002)Upper Darby Township
8%
Try This Tour (2004)Frauenfeld
8%
Try This Tour (2004)Niederkorn
8%
Try This Tour (2004)Balingen
8%
Try This Tour (2004)Kilyos
8%
Try This Tour (2004)Antibes
8%
Try This Tour (2004)Skanderborg
8%
Try This Tour (2004)Colmar
8%
Try This Tour (2004)St. Vith
8%
Try This Tour (2004)Gampel
8%
Try This Tour (2004)Chelmsford
8%
Try This Tour (2004)Weston-under-Lizard
8%
I'm Not Dead Tour (2006 - 2007)Avalon
8%
I'm Not Dead Tour (2006 - 2007)Myrtle Beach
8%
I'm Not Dead Tour (2006 - 2007)Jesolo
8%
I'm Not Dead Tour (2006 - 2007)Klam
8%
I'm Not Dead Tour (2006 - 2007)Dornbirn
8%
I'm Not Dead Tour (2006 - 2007)Lörrach
8%
I'm Not Dead Tour (2006 - 2007)Soltau
8%
I'm Not Dead Tour (2006 - 2007)Teisnach
8%
I'm Not Dead Tour (2006 - 2007)Imst
8%
I'm Not Dead Tour (2006 - 2007)North West
8%
Funhouse Tour (2009)Regensburg
8%
Funhouse Tour (2009)Friedrichshafen
8%

You're not logged in!

Compare scores with friends on all Sporcle quizzes.
OR
Log In

Sporcle TV

Today on Sporcle TV


Watch our educational content, quiz creation guides, and fun videos on Sporcle TV.

Show Comments

Extras

Created Sep 14, 2019ReportNominate
Tags:tour

Top Quizzes Today


Score Distribution

Paid Content

Your Account Isn't Verified!

In order to create a playlist on Sporcle, you need to verify the email address you used during registration. Go to your Sporcle Settings to finish the process.

Report this User

Report this user for behavior that violates our Community Guidelines.

Details: